| 000 | 01164nam a22002297a 4500 | ||
|---|---|---|---|
| 005 | 20110919110630.0 | ||
| 010 | _aG-001172 | ||
| 020 | _c70.00 | ||
| 035 | _aG-001172 | ||
| 037 | _bउपहार | ||
| 082 | _a639.9 | ||
| 100 |
_aगुप्ता, कमलेश कुमार _934759 |
||
| 245 |
_aराजस्थान के वन्य जीव अभयारण्य / _cकमलेश कुमार गुप्ता |
||
| 246 |
_a _b |
||
| 260 |
_aजयपुर _bएस लाल एण्ड कम्पनी _c2003 |
||
| 270 |
_a2449. चौधरी भवन, तेलीपाड़ा का रास्ता, चौड़ा रास्ता, _bजयपुर _e _k |
||
| 300 |
_a62पृ. _bसचित्र _c22 सेमी (सजिल्द) |
||
| 700 |
_a _934535 |
||
| 942 |
_2ddc _cCH _h639.9 _mगुप्ताक |
||
| 999 |
_c56676 _d56676 |
||